Our plans and plan projects (Record no. 69826)

MARC details
000 -LEADER
fixed length control field 00789cam a22002531 4500
001 - CONTROL NUMBER
control field sa 66005128
003 - CONTROL NUMBER IDENTIFIER
control field DLC
005 - DATE AND TIME OF LATEST TRANSACTION
control field 20260227112247.0
008 - FIXED-LENGTH DATA ELEMENTS--GENERAL INFORMATION
fixed length control field 861031s1965 ii b 000 0 eng
010 ## - LIBRARY OF CONGRESS CONTROL NUMBER
LC control number sa 66005128
025 ## - OVERSEAS ACQUISITION NUMBER
Overseas acquisition number PL480:I-E-5414
035 ## - SYSTEM CONTROL NUMBER
System control number (OCoLC)14581523
040 ## - CATALOGING SOURCE
Original cataloging agency DLC
Transcribing agency WaU
Modifying agency DLC
042 ## - AUTHENTICATION CODE
Authentication code premarc
050 00 - LIBRARY OF CONGRESS CALL NUMBER
Classification number HC435
Item number .N39
082 ## - DEWEY DECIMAL CLASSIFICATION NUMBER
Classification number 338.954
100 1# - MAIN ENTRY--PERSONAL NAME
Personal name Nayar, D. P.,
Dates associated with a name 1918-
245 10 - TITLE STATEMENT
Title Our plans and plan projects
Statement of responsibility, etc. [by] D.P. Nayar.
260 ## - PUBLICATION, DISTRIBUTION, ETC.
Place of publication, distribution, etc. [New Delhi]
Name of publisher, distributor, etc. National Institute of Basic Education, National Council of Educational Research & Training
Date of publication, distribution, etc. [1965]
300 ## - PHYSICAL DESCRIPTION
Extent x, 80 p.
Other physical details fold. map.
Dimensions 25 cm.
440 #0 - SERIES STATEMENT/ADDED ENTRY--TITLE
Title Source books for basic school teachers,
Volume/sequential designation 1
500 ## - GENERAL NOTE
General note On cover: Social studies.
651 #0 - SUBJECT ADDED ENTRY--GEOGRAPHIC NAME
Geographic name India
General subdivision Economic policy.

No items available.

Powered by Koha